00625nam a22001697a 4500003000900000008004100009040007100050082001800121100002900139245007000168260004300238300002600281505002300307650001500330650001300345710009700358AR-CdUCM190415b ||||| |||| 00| 0 spa d aMUNICIPALIDAD PROVINCIAL DEL CUSCOcBIBLIOTECA MUNICIPAL DEL CUSCO a300.3 /bSE42 aSérgio Pinheiro, Paulo aInforme Mundial Sobre la Violencia Contra los Niños y Niñas / aGinebra-Suiza :bAtar Roto Presse SA ; a364 páginas ;c26cm aContenido: Informe aViolencia  aNiñez  aEstudio del Secretario General de las Naciones Unidas sobre la Violencia contra los Niños.